00400pab a2200145 454500008004000000100001700040245005500057260000900112300001300121362001200134650003400146650003600180650002000216773001800236180718b2017 xxu||||| |||| 00| 0 eng d aJuvin, Herve aThe globalisation of US corporate law and policies c2017 ap.78-85. aApr-Jun aGlobalization - United states aCorporation law - United States aCorporation law aWorld Affairs